Prénoms des joueurs de la Coupe du monde 2018 - Statistiques

Statistiques générales
  • Ce quiz a été pris 1 428 fois
  • Le résultat moyen est 22 sur 34
Statistiques - réponses
équipe Prénom Nom de famille % Correct
France Antoine Griezmann
99%
France Hugo Lloris
99%
France Paul Pogba
99%
France Blaise Matuidi
97%
France Kylian Mbappe
97%
Portugal Christiano Ronaldo
95%
Argentine Lionel Messi
95%
Egypte Mohamed Salah
91%
Belgique Eden Hazard
90%
Angleterre Harry Kane
88%
Belgique Kevin De Bruyne
87%
Croatie Luka Modrić
87%
Pologne Robert Lewandowski
85%
Uruguay Luis Suarez
81%
Allemagne Toni Kroos
80%
Senegal Sadio Mane
79%
Espagne Diego Costa
78%
Colombie James Rodriguez
76%
Belgique Romelu Lukaku
74%
Angleterre Dele Alli
69%
Espagne David Silva
68%
Angleterre Raheem Sterling
62%
Belgique Thorgan Hazard
59%
Maroc Medhi Benatia
54%
Nigeria Victor Moses
44%
Corée du Sud Heungmin Son
42%
Serbie Nemanja Matić
39%
Russie Igor Akinfeev
31%
Japon Keisuke Honda
26%
Serbie Aleksandar Mitrović
20%
Islande Gylfi Sigurdsson
17%
Suède Andreas Granqvist
9%
Tunisie Syam Ben Youssef
7%
Tunisie Fakhreddine Ben Youssef
5%
Aucun quiz correspondant
Distribution des résultats
% des personnes avec chaque résultat
Percentile par nombre de réponses
Votre historique - résultats
Vous n’avez pas pris ce quiz